00583nam a22001337a 4500008004100000020001500041050001700056245006200073260003800135300002400173500004100197505019200238650001900430120316t xxu||||| |||| 00| 0 eng d a0917616855 aHD3845.6.P75 aPrivatization and development /cedited by Steve H. Hanke aCalifornia:bI.C.S. Press,c1987. avii, 237 p.:c22cm. aIncludes bibliographical references. aContents: Privatization in the developing world -- The Foundations of privatization -- Planning for privatization -- Privatization for development -- Cases of privatization -- Conclusion. aPrivatization.